| 000 | 00650nam a2200193Ia 4500 | ||
|---|---|---|---|
| 005 | 20250508164809.0 | ||
| 008 | 008 250505s9999 xx 000 0 eng d | ||
| 037 | _aTheses | ||
| 040 |
_aFEDL _beng _cFEDL |
||
| 041 |
_aeng _2eng |
||
| 084 |
_a371.1, SAR/TH _qFEDL |
||
| 100 |
_aSarataphun Boonchob _9779184 |
||
| 245 | 0 | _aEffect of personality types, job satisfaction and teachers' perception of leadership behaviour on organizational climate of secondary schools in Thailand | |
| 260 | _c2001 | ||
| 300 | _aix,157p. | ||
| 546 | _aPH.D Thesis (Chandigarh University) | ||
| 942 |
_cTH _h371.1, SAR/TH |
||
| 999 |
_c1391242 _d1391242 |
||